|
|
|
|
| LEADER |
00000nab a2200000uu 4500 |
| 001 |
vtls011453506 |
| 003 |
SK-MaSNL |
| 005 |
20260303113314.0 |
| 008 |
230121|1971 xo |||||||||||||||||cze| |
| 015 |
|
|
|a SNBRB
|
| 035 |
|
|
|a (urnnbn)urn:nbn:sk:snk:ar-0080ob
|
| 035 |
|
|
|a (uuid)b969a47e-476d-4818-8cce-934a982ed967
|
| 035 |
|
|
|a urn:nbn:sk:snk-abcozt
|
| 040 |
|
|
|a SNKBUCL
|b slo
|c SNKBUCL
|e AACR2
|
| 041 |
0 |
|
|a cze
|
| 044 |
|
|
|a xo
|c SK
|
| 100 |
1 |
|
|a Borovanský, Alois,
|d 1922-2019
|4 aut
|9 224490
|
| 245 |
1 |
0 |
|a J. L. RABINOWITZ, R. M. MYERSON (vydavatelé) TOPICS IN MEDICINAL CHEMISTRY
|c A. Borovanský
|
| 773 |
0 |
|
|t Farmaceutický obzor : odborný časopis Ministerstva zdravotníctva Slovenskej republiky a Slovenskej zdravotníckej univerzity v Bratislave
|g Roč. 40, č. 2 (1971), s. 89-90
|
| 954 |
|
|
|a odborná, vedecká literatúra cudzojazyčná (svetová)
|2 lita
|
| 958 |
|
|
|a OND
|
| 958 |
|
|
|a EUIPO
|
| 958 |
|
|
|a article16
|
| 999 |
|
|
|c 1891663
|d 1893593
|